Państwa europejskie o największym lesie - Statystyki

Ogólne statystyki
  • Ten quiz został rozwiązany 988 razy
  • Średni wynik to 6 z 10
Statystyki odpowiedzi
*% Kraj leśny % Poprawnych
49.40 Rosja
93%
68.95 Szwecja
92%
72.00 Finlandia
91%
61.00 Estonia
70%
60.00 Łotwa
70%
47.20 Austria
53%
60.00 Słowenia
47%
44.00 Chorwacja
40%
53.00 Bośnia i Hercegowina
36%
43.75 Liechtenstein
25%
Nie znaleziono quizów pasujących do podanych kryteriów
Rozkład punktacji
Procent ludzi z każdym wynikiem
Percentyl według liczby udzielonych odpowiedzi
Twoja historia wyników
Nie rozwiązałeś tego quizu